header

The ecotechnic future (Record no. 46303)

MARC details
000 -LEADER
fixed length control field 01170nam a2200313Ia 4500
100 1# - MAIN ENTRY--AUTHOR NAME
Personal name Greer, John Michael.
245 14 - TITLE STATEMENT
Title The ecotechnic future
260 ## - PUBLICATION, DISTRIBUTION, ETC. (IMPRINT)
Place of publication Gabriola Island, BC :
Name of publisher New Society Publishers,
Year of publication c2009.
300 ## - PHYSICAL DESCRIPTION
Number of Pages xv, 271 p.
650 #0 - SUBJECT ADDED ENTRY--TOPICAL TERM
Topical Term Human ecology.
Topical Term Forecasting.
Topical Term Ecology.
Topical Term Social change.
856 40 - ELECTRONIC LOCATION AND ACCESS
Uniform Resource Identifier http://site.ebrary.com/lib/rucke/Doc?id=10342190

No items available.

© 2026 Rongo University
Contact us: librarian | system librarian | Rongo university